The Magic of Writing: (Record no. 213018)
[ view plain ]
| 000 -LEADER | |
|---|---|
| fixed length control field | 00532nam a22001817a 4500 |
| 005 - DATE AND TIME OF LATEST TRANSACTION | |
| control field | 20250821114952.0 |
| 010 ## - LCCN (DPL NO) | |
| LC control number | ENG-146459 |
| 020 ## - INTERNATIONAL STANDARD BOOK NUMBER | |
| International Standard Book Number | 9789390132379 |
| Terms of availability | 250.00 |
| 035 ## - SYSTEM CONTROL NUMBER | |
| System control number | EN-129991 |
| 037 ## - SOURCE OF ACQUISITION | |
| Source of stock number/acquisition | DBAD |
| 082 ## - DEWEY DECIMAL CLASSIFICATION NUMBER | |
| Classification number | 305.5 |
| 100 ## - MAIN ENTRY--PERSONAL NAME | |
| Personal name | Tejparkhi,Sirshree |
| 245 ## - TITLE STATEMENT | |
| Title | The Magic of Writing: |
| Remainder of title | Write to Heal, Transform, & Transcend/ |
| Statement of responsibility, etc | Sirshree Tejparkhi |
| 260 ## - PUBLICATION, DISTRIBUTION, ETC. (IMPRINT) | |
| Place of publication, distribution, etc | Pune |
| Name of publisher, distributor, etc | WOW Publishings Pvt. Ltd. |
| Date of publication, distribution, etc | 2024 |
| 270 ## - ADDRESS | |
| Address | Pune |
| City | Pune |
| 300 ## - PHYSICAL DESCRIPTION | |
| Extent | 174p. |
| Dimensions | 22cm(pbk) |
| 942 ## - ADDED ENTRY ELEMENTS (KOHA) | |
| Source of classification or shelving scheme | Dewey Decimal Classification |
| Item type | English Books |
| Classification part | 305.5 |
| Call number suffix | TEJ |
| Withdrawn status | Lost status | Not for loan | Home library | Current library | Date acquired | Source of acquisition | Full call number | Koha item type |
|---|---|---|---|---|---|---|---|---|
| Sarojini Nagar | Sarojini Nagar | 04/05/2026 | Delivery of Books Act Division | 305.5 TEJ | English Books |
